[Event "RUS-chT 11th"]
[Site "Sochi"]
[Date "2004.04.24"]
[Round "5.3"]
[White "Grachev, Boris V"]
[Black "Filippov, Valerij"]
[Result "0-1"]
[WhiteElo "2508"]
[BlackElo "2639"]
[Annotator "Huzman,A"]
[PlyCount "72"]
[EventDate "2004.04.20"]
[EventType "team-tourn"]
[EventRounds "9"]
[EventCountry "RUS"]
[SourceTitle "EXT 2020"]
[Source "ChessBase"]
[SourceDate "2019.10.17"]
[SourceVersion "1"]
[SourceVersionDate "2019.10.17"]
[SourceQuality "1"]
[WhiteTeam "Togliatti Lada"]
[BlackTeam "Kazan Ladya"]
[WhiteTeamCountry "RUS"]
[BlackTeamCountry "RUS"]

1. d4 Nf6 (1... e6 2. c4 d5 3. Nc3 Be7 4. Nf3 Nf6 5. e3 O-O 6. Bd3 dxc4 7. Bxc4
a6 8. O-O b5 9. Bd3 Bb7 10. Qe2 c5 11. dxc5 Bxc5 12. Rd1 Nbd7 13. b3 (13. a3
Qe7 14. b4 Bd6 15. Bb2 Rfd8 16. Rd2 Rac8 17. Rad1 Ne5 $15 {1/2-1/2 Engels,
L-Keller,R/Bad Oeynhausen 1939/HCL (27)}) 13... Rc8 14. Bb2 Bb4 15. Rac1 Qa5
16. a3 Bxc3 17. b4 Bxb2 18. bxa5 Rxc1 19. Rxc1 Bxc1 $17 {1/2-1/2 Kleinsasser,
F-Poettinger,H/Schaan 1998/CBM 64 ext (81)}) 2. c4 e6 3. Nf3 d5 4. Nc3 dxc4 (
4... Be7 5. e3 O-O 6. Bd3 dxc4 7. Bxc4 a6 8. O-O b5 9. Bd3 Bb7 10. Qe2 c5 11.
dxc5 Bxc5 12. Rd1 Nbd7 13. a3 Rc8 (13... Qc7 14. Bd2 Rfd8 15. b4 (15. Be1 Rac8
16. Nd2 Ne5 $17 {0-1 Sagredo,C-Dekker,M/Curacao AHO 2002/(28)}) 15... Bxf3 16.
gxf3 Ne5 17. Be4 Nxe4 18. Nxe4 Be7 $17 {0-1 Shestoperov,A-Landa,K/Briansk 1995/
EXT 98 (40)}) 14. b4 Ba7 15. Bb2 Qe7 16. Rac1 (16. Ng5 Rfd8 17. Rd2 h6 18. Nge4
Bb8 19. Rad1 Nxe4 20. Nxe4 f5 21. Ng3 Nf6 22. Bd4 $11 {0-1 Ortega,R-Zita,F/
Helsinki 1952/MCD (38)}) 16... Rfd8 17. h3 Bb8 18. e4 Nb6 19. e5 Bxf3 20. exf6
Bxe2 21. fxe7 Rxd3 22. Rxd3 Bxd3 23. Rd1 Bd6 $19 {1/2-1/2 Bolbochan,J-Raud,I/
Mar del Plata 1941/HCL (36)}) 5. e3 c5 6. Bxc4 a6 7. Bd3 b5 8. dxc5 Bxc5 9. Qe2
Nbd7 10. O-O Bb7 11. Rd1 O-O 12. b3 (12. a3 Qc7 13. e4 Ng4 $17 {0-1 Solin,
I-Dake,A/Warsaw 1935/EXT 2000 (36)}) (12. e4 Ng4 13. Be3 Bxe3 14. fxe3 Qb6 $17
{0-1 Rauch,J-Suesman,W/Ventnor City 1944/HCL (34)}) (12. Ng5 Qc7 13. a3 Ne5 14.
Nce4 Nxd3 15. Nxf6+ gxf6 16. Qh5 fxg5 17. Qxg5+ Kh8 18. Qf6+ Kg8 {1/2-1/2 Bu
Xiangzhi-Skytte,R/Budapest 1999/CBM 71 ext (18)}) 12... Rc8 13. Bb2 Bb4 $15 14.
Nb1 (14. Rac1 Qa5 15. a3 Bxc3 16. b4 Bxb2 $19) 14... Qc7 15. Nbd2 Bd6 16. Rac1
Qb8 17. h3 Ne5 $1 {It's important to claim the central square (e4 or e5
correspondingly)first in this sort of positions. Consequently, Black has
seized the iniative, though White is facing no disaster yet} 18. Bb1 g6 {
[%csl Rb1]} 19. Ng5 (19. Nd4 $5 Qa8 20. f3 $15) 19... Rxc1 20. Rxc1 Ned7 21.
Nde4 Bh2+ 22. Kh1 Be5 23. f4 $6 {Weakening the pawn chain has proved to be the
primary reason of White's defeat} (23. Rd1 Nd5 24. a3 $11) 23... Bxb2 24. Qxb2
Nd5 25. Qd4 $2 (25. Qf2 $1 {[%cal Gf2h4]} h6 26. Nf3 f5 27. Ned2 Qd6 $15) 25...
e5 26. fxe5 Qxe5 $17 27. Nf3 $2 (27. Qxe5 Nxe5 28. Nd6 Ba8 $17) 27... Qe7 28.
Rd1 (28. Qa7 $5 N7f6 (28... N7b6 29. Nd6 Qxd6 30. Qxb7 Nxe3 31. Qxa6 $132) 29.
Nxf6+ Nxf6 $17) 28... Re8 $1 (28... f5 29. Nf2 (29. Qa7 Bc6 $17) 29... N5f6 $17
30. e4 fxe4 31. Nxe4 Nxe4 32. Bxe4 Bxe4 33. Qxd7 Qxd7 34. Rxd7 Bxf3 35. gxf3
Rxf3 36. Kg2 Re3 $17) 29. b4 $2 (29. Qa7 N7f6 30. Nxf6+ Nxf6 $17) 29... Qxb4
30. Qxb4 $2 (30. Qa7 Bc8 31. Bc2 N7b6 32. Nf6+ (32. Nfg5 Qe7 $19) 32... Nxf6
33. Qxb6 Kg7 $17) 30... Nxb4 31. Rxd7 Bxe4 32. Bxe4 Rxe4 $19 33. Ng5 Rxe3 34.
Nxf7 Nxa2 35. Nh6+ Kf8 36. Rxh7 (36. Rf7+ Ke8 37. Rxh7 Re7 38. Rh8+ Kd7 $19)
36... Re7 0-1

[Event "Bundesliga 0405"]
[Site "Germany"]
[Date "2004.12.11"]
[Round "5.3"]
[White "Sokolov, Ivan"]
[Black "Levin, Felix"]
[Result "1-0"]
[WhiteElo "2663"]
[BlackElo "2498"]
[Annotator "Huzman,A"]
[PlyCount "53"]
[EventDate "2004.11.12"]
[EventType "team-tourn"]
[EventRounds "15"]
[EventCountry "GER"]
[SourceTitle "CBM 105"]
[Source "ChessBase"]
[SourceDate "2005.04.11"]
[SourceVersion "1"]
[SourceVersionDate "2005.04.11"]
[SourceQuality "1"]
[WhiteTeam "Porz"]
[BlackTeam "Muelheim Nord"]
[WhiteTeamCountry "GER"]
[BlackTeamCountry "GER"]

1. d4 d5 (1... Nf6 2. c4 e6 3. Nf3 d5 4. e3 c6 5. Bd3 dxc4 6. Bxc4 c5 7. O-O
Nc6 8. Qe2 cxd4 9. Rd1 Be7 10. exd4 O-O 11. Nc3 Na5 12. Bd3 b6 13. Bg5 Bb7 14.
Rac1 Nd5 15. Qe4 g6 16. Qh4 f6 17. Bh6 Rf7 18. Qh3 Nxc3 19. bxc3 Ba3 20. Rc2
Qd7 21. Nd2 Bf8 22. Bxf8 Raxf8 23. Qg3 Qc7 24. Qe3 Re7 25. c4 Nc6 26. Rb2 Qd6
27. Nb3 $14 {1-0 Filip,M-Van Scheltinga,T/Beverwijk 1964/EXT 99 (60)}) 2. c4
dxc4 3. Nf3 Nf6 4. e3 e6 5. Bxc4 c5 6. Qe2 Nc6 7. O-O cxd4 8. Rd1 Be7 9. exd4
O-O 10. Nc3 Na5 11. Bd3 b6 12. Bg5 Bb7 13. Rac1 Nd5 14. Qe4 (14. Bd2 Rc8 15.
Ne4 (15. h3 Nc6 16. Bb1 Qd7 17. Bg5 Bxg5 18. Nxg5 h6 19. Qd3 f5 20. Nf3 Rcd8
21. a3 Nf4 22. Qe3 Nxg2 $2 23. Kxg2 Nxd4 24. Be4 $1 $16 {1-0 Pfleger,H-Davie,A/
The Hague 1966/EXT 98 (32)}) 15... Rxc1 16. Bxc1 Nf6 17. Ng3 Qd5 18. Bb1 Rd8
$15 {1/2-1/2 Salus,S-Collas,D/France 1997/EXT 99 (43)}) 14... g6 15. Qh4 f6 (
15... Re8 16. Ne4 f6 17. Bd2 Rc8 18. b4 Nc6 19. a3 a5 20. b5 Nb8 21. a4 Rxc1
22. Rxc1 Nd7 23. Bb1 {1/2-1/2 Gruber,T-Boguslavsky,O/Eppingen 2004/CBM 99 ext 
(23)}) 16. Bh6 Nxc3 (16... Rf7 17. Qh3 (17. Qg4 f5 18. Qg3 Bd6 19. Ne5 Bxe5 20.
dxe5 Nxc3 21. Rxc3 Rc8 22. Bg5 Qd7 23. Rxc8+ Qxc8 24. h4 $36 {1-0 Marovic,
D-Van Scheltinga,T/Beverwijk 1967/EXT 2001 (79)}) 17... Nxc3 18. bxc3 Ba3 19.
Rc2 Qd7 20. Re1 Re8 21. Rce2 Bd5 22. Nd2 b5 23. Ne4 Nc4 24. Qh4 Be7 25. Qg3 f5
26. Nd2 Nxd2 27. Rxd2 Rc8 $132 {1/2-1/2 Donner,J-Van Scheltinga,T/Amsterdam
1964/MCL (41)}) 17. Rxc3 (17. bxc3 Bxf3 18. gxf3 f5 19. Qg3 Bd6 (19... Re8 20.
Bb5 Bh4 21. Qf4 g5 22. Qe5 Re7 23. Kh1 Qd5 24. Qxd5 exd5 25. Rg1 Kf7 26. Bxg5
$16 {1-0 Rashkovsky,N-Flesch,J/Lvov 1981/MCD (79)}) 20. f4 Rf7 21. Re1 Qd7 22.
Qe3 Bf8 23. Bxf8 Kxf8 24. Qxe6 Qxe6 25. Rxe6 Rc7 26. Re2 Rac8 27. Rec2 Nc4 $44
{1/2-1/2 Vukic,M-Marjanovic,S/Nis 1979/EXT 2001 (39)}) 17... Bxf3 18. gxf3 Rf7
$2 {This new move is bad because now the white queen gets the possibility to
attack the main weakness in Black's position - the pawn e6.} (18... f5 $142 19.
Qg3 (19. Qf4 Rf7 20. Rdc1 g5 21. Qe5 Rf6 22. Ba6 Kf7 23. Rc7 Rxh6 24. b4 Rf6
25. bxa5 Kg6 26. R1c6 $16 {1-0 Beliavsky,A-Gulko,B/Tbilisi 1978/URS-ch (30)})
19... Rf7 20. Qe5 Bb4 21. Rc2 Qd5 22. Rdc1 Qxe5 23. dxe5 Rd8 24. Rc8 Rfd7 25.
Bb5 $16 {1-0 Kozul,Z-Emmerich,F/Hessen 1991/GER (31)}) 19. Qe4 $1 Qd5 (19... f5
20. Qxe6 Qxd4 21. Re1 Qd6 (21... Bc5 22. Be3 Qd7 23. Bxc5 bxc5 24. Qa6 Qc7 25.
Ra3 $18) (21... Rd8 22. Bxf5 $1 gxf5 23. Rc7 $16) 22. Rc8+ Rxc8 23. Qxc8+ Bf8
24. Re8 g5 25. Bxf8 Rxf8 26. Rxf8+ Qxf8 27. Qd7 $16) 20. Rdc1 $1 Rd8 (20... Bf8
21. Rc8 Rxc8 22. Rxc8 Qd7 23. Qa8 $1 Qe7 24. d5 $1 $18) (20... f5 21. Rc8+ Rxc8
22. Rxc8+ Bf8 23. Qxd5 exd5 24. Bb5 $18) 21. Rc8 $16 {[%mdl 4]} Qh5 22. Bd2
Rxc8 (22... Qd5 $142 23. b4 (23. Rxd8+ Bxd8 24. b4 Nb7 25. Qxd5 exd5 26. Bb5
$16) 23... Nb7 24. Bc4 Qxe4 25. Rxd8+ Nxd8 26. fxe4 $16) 23. Rxc8+ Bf8 (23...
Kg7 24. b4 Bd6 25. bxa5 Qxh2+ 26. Kf1 $18) 24. b4 $1 Nb7 25. Qxe6 Kg7 26. Bc4
Nd6 27. Rxf8 $1 1-0

[Event "Reggio Emilia 9798 40th"]
[Site "Reggio Emilia"]
[Date "1997.12.26"]
[Round "1"]
[White "Lputian, Smbat G"]
[Black "Komarov, Dimitri"]
[Result "1/2-1/2"]
[WhiteElo "2585"]
[BlackElo "2600"]
[Annotator "Huzman,A"]
[PlyCount "80"]
[EventDate "1997.12.26"]
[EventType "tourn"]
[EventRounds "11"]
[EventCountry "ITA"]
[EventCategory "10"]
[SourceTitle "CBM 063"]
[Source "ChessBase"]
[SourceDate "1998.03.26"]
[SourceVersion "1"]
[SourceVersionDate "1998.03.26"]
[SourceQuality "1"]

1. d4 d5 2. c4 dxc4 3. e3 Nf6 4. Nf3 e6 5. Bxc4 c5 6. Qe2 Nc6 (6... cxd4 7.
exd4 Be7 (7... Bb4+ 8. Nc3 Nc6 (8... O-O 9. Bg5 Nc6 10. Rd1 h6 11. Bh4 Bxc3+
12. bxc3 Qa5 {[#]} 13. Bxf6 Qxc3+ 14. Nd2 gxf6 15. O-O Nxd4 16. Qg4+ Kh8 17.
Qh5 Nf5 18. g4 Nd6 19. Qxh6+ Kg8 20. Ne4 Nxe4 21. Rd3 Bd7 22. Rxc3 Nxc3 23. Bb3
{1-0 Yakovich,Y-Steinbacher,M/Ostend op 1993}) 9. O-O Nxd4 (9... O-O 10. Rd1
Nd5 11. Bd2 Be7 12. Rac1 a6 13. Bd3 Bd7 14. Qe4 f5 15. Qe2 Bf6 16. Bc4 Nce7 17.
Ne5 Be8 18. Bb3 Kh8 19. Nd3 Nc6 20. Be3 Bf7 21. Nxd5 exd5 22. Nc5 {1/2-1/2
Psakhis,L-Gofshtein,L/Zagreb zt 1993}) 10. Nxd4 Qxd4 11. Rd1 Qc5 12. Bf4 Bxc3
13. Rac1 Qf5 14. Bc7 O-O 15. Rxc3 $44 {0-1 Gensler,K-Leverett,B/Midwest
Masters op 1989 (49)}) 8. O-O (8. Nc3 O-O 9. Bg5 a6 10. Rd1 (10. O-O b5 11. Bb3
Bb7 12. Rfe1 b4 13. Na4 Nbd7 14. Ne5 Nxe5 15. dxe5 Nd7 16. Bxe7 Qxe7 17. Qe3
Bc6 18. Rac1 Rfc8 19. Nb6 Nxb6 20. Qxb6 Qb7 21. Qxb7 Bxb7 $11 {1/2-1/2
Djurhuus,R-Baburin,A/Skei 1993 (40)}) 10... b5 11. Bb3 Bb7 12. O-O Nbd7 13. d5
exd5 14. Nxd5 Bxd5 15. Bxd5 Nxd5 16. Rxd5 Bxg5 17. Nxg5 h6 18. Rfd1 hxg5 19.
Rxd7 Qf6 $11 {1/2-1/2 Salov,V-Magem Badals,J/EUCup Gr7 1993 (44)}) 8... a6 9.
Bb3 Nc6 10. Rd1 Na5 11. Bc2 b5 12. Nc3 Bb7 13. Bg5 Nd5 14. Ne4 Nb4 15. Bb1 Bd5
16. Bd2 Nc4 17. Bc3 Nc6 18. Bd3 Nd6 $13 {1/2-1/2 Furman,S-Bannik,A/URS-ch sf
1957 (23)}) 7. O-O cxd4 8. exd4 Be7 9. Rd1 O-O (9... a6 $6 10. Nc3 Nb4 11. Ne5
b5 $2 12. Bb3 O-O 13. a3 Nbd5 14. Nxd5 Nxd5 15. Nc6 Qe8 16. Bxd5 exd5 17. Nxe7+
Kh8 18. Bd2 a5 19. Rac1 {1-0 Horvath,C-Kallai,G/HUN-ch 1992}) 10. Nc3 {[%cal
Gd4d5]} Na5 11. Bd3 b6 12. Bg5 Bb7 13. h4 $6 (13. Ne5 Rc8 14. Rac1 Nc6 $11 {
[%csl Rd4]}) 13... Rc8 14. Rac1 h6 15. Bxf6 (15. Be3 Nd5 $15 {[%csl Rd4,Rh4]})
15... Bxf6 16. h5 {[%cal Gd3b1,Ge2d3,Gd3h7]} Re8 {[%cal Yg8f8]} 17. b4 Bxf3 (
17... Nc6 $5 18. Be4 {[%cal Gb4b5]} Ba8 19. a3 $15 (19. d5 exd5 20. Nxd5 Nxb4
$1 21. Rxc8 Qxc8 22. Nxf6+ gxf6 23. Nd2 Qe6 24. Re1 f5 $19) 19... Nxd4 20. Nxd4
Bxd4 21. Bxa8 Qh4 $1 $17 (21... Rxa8 $2 22. Nb5 e5 23. Nc7 $16)) 18. Qxf3 Nc6
19. Nb5 (19. Ne4 Nxd4 (19... Be7 20. Rxc6 Rxc6 21. Ng5 Bxg5 22. Qxc6 $15) 20.
Nxf6+ Qxf6 21. Qxf6 gxf6 22. Ba6 Rxc1 23. Rxc1 $15) (19. Qe4 Nxd4 $1 (19... Bg5
20. Qh7+ (20. f4 f5 21. Qe3 Bf6 $17) 20... Kf8 21. Rb1 $36) 20. Qh7+ Kf8 21.
Nb5 (21. Bb5 $2 Rxc3 22. Rxc3 Nf3+ $19) 21... Rxc1 22. Rxc1 Be5 $17) 19... Nxd4
(19... Qd7 $5 20. Qe4 Kf8 {[%cal Yc6b4,Yc6d4]}) 20. Qe4 Rxc1 21. Rxc1 Kf8 (
21... Nf5 22. Nxa7 $11) (21... Nxb5 $2 22. Qh7+ Kf8 23. Bxb5 $18) 22. Nxa7 Qd7
23. Nc6 Nxc6 24. Rxc6 Rd8 25. Bf1 Bd4 $11 26. a4 Qd5 27. Qxd5 Rxd5 {[%cal
Yd5f5,Yf5f2,Yd4f2]} 28. Be2 Ke7 29. Bf3 Rd6 30. Rc7+ Rd7 31. Rc4 Be5 32. a5
bxa5 33. bxa5 Rc7 34. Rxc7+ Bxc7 35. a6 Bb6 36. g4 f5 37. Kg2 Kd6 38. Kg3 Kc7
39. Be2 fxg4 40. Bxg4 Kb8 1/2-1/2

[Event "Copenhagen KS"]
[Site "Copenhagen"]
[Date "1996.??.??"]
[Round "8"]
[White "Parker, Jonathan"]
[Black "Borge, Nikolaj"]
[Result "1-0"]
[WhiteElo "2470"]
[BlackElo "2455"]
[Annotator "Kantsler,B"]
[PlyCount "71"]
[EventDate "1996.07.05"]
[EventType "tourn"]
[EventRounds "9"]
[EventCountry "DEN"]
[EventCategory "10"]
[SourceTitle "CBM 055"]
[Source "ChessBase"]
[SourceDate "1996.12.01"]
[SourceVersion "1"]
[SourceVersionDate "1996.12.01"]
[SourceQuality "1"]

1. d4 d5 2. c4 dxc4 3. Nf3 Nf6 4. e3 e6 5. Bxc4 c5 6. Qe2 a6 7. dxc5 Bxc5 8. e4
$5 (8. O-O $5) 8... b5 9. Bd3 Nc6 10. Nbd2 Ng4 $5 (10... O-O $2 11. e5 $1 Nd5 (
11... Ng4 $2 12. Qe4 $18) 12. Qe4 $16) 11. O-O Qc7 $6 (11... Nge5 $5 12. Nxe5
Nxe5 13. Bc2 Bb7 14. Nb3 $14) 12. Nb3 $5 Bd6 (12... Bb6 13. h3 Nge5 14. Bf4 $14
) 13. h3 Nge5 14. Nxe5 Nxe5 15. Be3 Nxd3 $6 (15... O-O $32 16. Rac1 $14) 16.
Qxd3 O-O 17. Rac1 Qb8 18. Rfd1 Bf4 (18... Be5 19. Rc2 Bb7 20. Na5 $16) 19. Na5
$1 Bxe3 20. Qxe3 Qe5 (20... Bb7 21. Rd7 $18) 21. b4 $1 $16 Qh5 22. f4 f5 $6 23.
Qc5 Qh6 24. Qc7 g5 $2 (24... fxe4 25. Nc6 Qf6 (25... g5 26. Ne7+ Kh8 27. Rd8
$18) 26. Ne7+ Kh8 27. Nxc8 Raxc8 28. Qxc8 $18) 25. Rd8 Rxd8 (25... fxe4 26. Nc6
gxf4 27. Ne7+ $18) 26. Qxd8+ Qf8 27. Qxg5+ Qg7 28. Qd8+ Qf8 29. Qg5+ Qg7 30.
Qxg7+ Kxg7 31. Rc7+ Kf8 32. e5 $18 Ke8 33. Rxh7 Rb8 34. h4 Rb6 35. h5 Bd7 36.
h6 1-0

[Event "NRW-Cup Masters op"]
[Site "Muenster"]
[Date "1997.10.13"]
[Round "5"]
[White "Khenkin, Igor"]
[Black "Bagirov, Vladimir"]
[Result "1-0"]
[WhiteElo "2550"]
[BlackElo "2495"]
[Annotator "Khenkin,I"]
[PlyCount "57"]
[EventDate "1997.10.??"]
[EventType "swiss"]
[EventRounds "9"]
[EventCountry "GER"]
[SourceTitle "CBM 060 Extra"]
[Source "ChessBase"]
[SourceDate "1997.11.04"]
[SourceVersion "1"]
[SourceVersionDate "1997.11.04"]
[SourceQuality "1"]

1. d4 Nf6 2. c4 e6 3. Nf3 d5 4. Nc3 c5 5. e3 Nc6 6. cxd5 Nxd5 7. Bc4 cxd4 8.
exd4 Nf6 9. O-O Be7 10. Re1 O-O 11. a3 a6 12. Ba2 b5 $6 (12... Re8 $142 $14)
13. d5 $1 exd5 14. Nxd5 Nxd5 15. Qxd5 (15. Bxd5 $6 Bb7 16. Ne5 Nxe5 17. Bxb7
Ra7 $1 $11) 15... Bb7 16. Qh5 $1 Qd6 $6 (16... g6 $142 17. Qh6 Nd4 18. Ng5 Bxg5
19. Bxg5 Qb6 20. Rad1 $1 $16) 17. Bg5 Rad8 (17... Bxg5 18. Nxg5 Qg6 19. Qxg6
hxg6 20. Rad1 Rad8 21. Nxf7 $1 Rxf7 22. Rxd8+ Nxd8 23. Re8+ Kh7 24. Rxd8 Rc7
25. h4 $1 Rc1+ 26. Kh2 Rc2 27. Bg8+ $1 Kh6 28. Bd5 Bxd5 29. Rh8#) (17... Rae8
18. Rad1 Qc5 (18... Qc7 19. Bxe7 Rxe7 20. Ng5 h6 21. Rxe7 Qxe7 22. Nxf7 Rxf7
23. Bxf7+ Qxf7 24. Qxf7+ Kxf7 25. Rd7+ $18) 19. Rd5 $1 Qb6 20. Rd7 g6 21. Qh6
Bxg5 22. Bxf7+ $1 Kh8 23. Qxg5 Rxe1+ 24. Nxe1 $18) 18. Bxe7 Nxe7 19. Ng5 Qg6
20. Qxg6 $1 $146 (20. Qxh7+ Qxh7 21. Nxh7 Kxh7 22. Rxe7 Bd5 $14 {Benjamin,
J-Dlugi,M  USA-Ch -95}) 20... Nxg6 21. Nxf7 $1 (21. Rad1 $2 Rxd1 22. Rxd1 Ne5
23. f4 Nc4 $14) 21... Rd2 $6 (21... Rxf7 $142 22. Rad1 Rxd1 $8 23. Rxd1 Bc6 24.
Rd6 Be8 25. Rxa6 Kf8 26. Bxf7 $16) 22. Red1 $1 $18 Rxb2 (22... Rxd1+ 23. Rxd1
Bc8 $8 24. f3 $18) 23. Nd6+ Kh8 (23... Rxa2 24. Rxa2 Rd8 25. Rad2 $18) 24. Nxb7
Rfxf2 25. Rd8+ Nf8 26. Bd5 g5 27. Nc5 Rbd2 28. Ne6 Rf5 29. Rf1 1-0

[Event "Bundesliga 9798"]
[Site "Germany"]
[Date "1997.10.19"]
[Round "2.4"]
[White "Kachiani Gersinska, Ketino"]
[Black "Meins, Gerlef"]
[Result "1-0"]
[WhiteElo "2415"]
[BlackElo "2460"]
[Annotator "Knaak,R"]
[PlyCount "53"]
[EventDate "1997.10.18"]
[EventType "team-tourn"]
[EventRounds "15"]
[EventCountry "GER"]
[SourceTitle "CBM 062"]
[Source "ChessBase"]
[SourceDate "1998.01.31"]
[SourceVersion "1"]
[SourceVersionDate "1998.01.31"]
[SourceQuality "1"]
[WhiteTeam "St Ingbert"]
[BlackTeam "Werder Bremen"]
[WhiteTeamCountry "GER"]
[BlackTeamCountry "GER"]

{[%mdl 644]} 1. d4 d5 2. c4 dxc4 3. e3 Nf6 4. Nf3 e6 5. Bxc4 c5 6. Qe2 cxd4 ({
Hier steht momentan} 6... a6 {in höherer Gunst - wohl zu Recht.}) 7. exd4 Be7
8. Nc3 O-O 9. O-O Nc6 10. Rd1 Nd5 11. Bb3 Re8 12. Bd2 Bf6 13. Ne4 Bxd4 $2 {
Weiß steht soundso etwas besser, aber das Schlagen auf d4 sollte eigentlich
beim schwarzen Entwicklungsstand verboten sein.} 14. Bg5 f6 15. Nxd4 fxg5 16.
Qh5 $1 Nxd4 (16... h6 17. Nf5 $1 {kann Schwarz auch nicht überleben.}) 17. Rxd4
h6 {[#]} 18. Nf6+ $3 {Mut gehört auch dazu, denn Weiß hat nicht wenigstens
Dauerschach.} gxf6 (18... Nxf6 19. Rxd8 Rxd8 20. Qe2 {ist im Nachhinein besser
als die Partiefortsetzung, aber vielleicht nur eine Verlängerung der Qualen.})
19. Qg6+ Kf8 20. Qxh6+ Ke7 {Gespielt mit der etwas verwegenen Absicht, dem
Dauerschach auszuweichen.} ({Nach} 20... Kg8 {sollte Weiß bei genauer
Zugreihenfolge aber auch gewinnen:} 21. Re1 Bd7 22. Qg6+ $1 (22. Rxd5 exd5 23.
Bxd5+ Be6 $13) (22. h4 Re7 $1) 22... Kf8 23. h4 $1 Re7 (23... Bc6 24. hxg5 fxg5
25. Rxe6 $18) 24. hxg5 Rg7 (24... fxg5 25. Qh6+ Ke8 26. Re5 $18) 25. Qh6 fxg5
26. Rxd5 $1 exd5 27. Bxd5 $18) 21. Rad1 $18 Rf8 22. Bxd5 exd5 23. Rxd5 Qb6 24.
Qh7+ Rf7 25. Qe4+ $1 Be6 ({Nach} 25... Kf8 26. Rd8+ Kg7 27. Qe8 {muß Weiß nur
auf gelegentliches Bg4 aufpassen, ansonsten ist Schwarz hilflos.}) 26. Rd6 Qxd6
{Eine erlaubte Abkürzung.} ({Nach} 26... Qxb2 27. Rxe6+ Kf8 28. Qg6 {ist
Schwarz wiederum hilflos.}) 27. Qxb7+ 1-0

[Event "Linares Anibal op 07th"]
[Site "Linares"]
[Date "2000.??.??"]
[Round "8"]
[White "Delchev, Aleksander"]
[Black "Baron Rodriguez, Jesus"]
[Result "1-0"]
[WhiteElo "2520"]
[BlackElo "2405"]
[Annotator "Kostakiev,D"]
[PlyCount "137"]
[EventDate "2000.01.07"]
[EventType "swiss"]
[EventRounds "10"]
[EventCountry "ESP"]
[SourceTitle "EXT 2002"]
[Source "ChessBase"]
[SourceDate "2001.11.25"]
[SourceVersion "1"]
[SourceVersionDate "2001.11.25"]
[SourceQuality "1"]

{[%mdl 8192]} 1. d4 d5 ({If you want to see how important is a tempi more or
less, see this involved game. It goes to the text's 11...Bb7,but with e tempo
more for Black (via 4...Bb7 waiting for 7.Bf1-d3 after which 9...d5xc4 is
giving the tempi. (Symillar discovery can be done by the splendid CB7 feature
"Ctrl+f7").} 1... Nf6 2. c4 e6 3. a3 b6 4. Nc3 Bb7 5. Nf3 Be7 6. e3 O-O 7. Bd3
d5 8. O-O c5 9. Qe2 dxc4 10. Bxc4 cxd4 11. exd4 Nc6 12. Rd1 Na5 13. Ba2 Nd5 14.
Ne5 Nxc3 15. bxc3 Rc8 16. Nxf7 Rxf7 17. Qxe6 Qf8 18. Re1 Bd6 19. Qd7 Nc4 20.
Qe6 Kh8 21. Bf4 Rxf4 22. Bxc4 Rxf2 23. Bd5 Rf6 24. Qe4 Bxd5 25. Qxd5 Rxc3 26.
Rf1 Rc8 27. Qb7 Rd8 28. a4 Bxh2+ {0-1 Mihalik,M-Cervenka,I/SVK-chT 1995/EXT 97
(28)}) 2. c4 dxc4 3. e3 Nf6 4. Bxc4 e6 5. Nf3 c5 6. O-O Nc6 7. Qe2 cxd4 8. Rd1
Be7 9. exd4 O-O 10. a3 {Acording to Polugaevski - in the typical position
"Isolated P", a2 can be sometimes a good place for Bf1.} ({Other possibility is
} 10. Nc3 Na5 11. Bd3 b6 $11 {[+/=]}) 10... b6 (10... Nd5 11. Nc3 Na5 (11...
Re8 12. Ba2 Bxa3 {1-0 Gelfand,B-Korchnoi,V/Dos Hermanas ESP 1999 (64)}) 12. Ba2
Nxc3 13. bxc3 Qc7 {1/2-1/2 Shchukin,D-Gubanov,A/St.Petersburg 1996/CBM 56 ext 
(40)}) 11. Nc3 Bb7 (11... Na5 12. Ba2 Bb7 13. b4 {1-0 Ibragimov,I-Kharlov,A/
SoLett Open, Skelleftea SWE 1999 (48)}) 12. d5 $1 $146 {Also a typical move.} (
12. Bxe6 $5 fxe6 $1 (12... Bd6 $6 13. Ba2 $16 {1-0 Jahn,C-Schuettig,R/OLO-A
1994/GER (48)}) 13. Qxe6+ Kh8 14. d5 $14) 12... exd5 $14 (12... Nxd5 13. Nxd5
exd5 14. Bxd5 Qc7 15. Be3 $14) 13. Nxd5 Nxd5 14. Bxd5 Qc7 (14... Qe8) 15. Be3
Rac8 16. Rac1 Bf6 (16... Qb8 17. b4 $14) 17. Qb5 Rfd8 18. Bg5 (18. Ng5 $142 $1
$16) 18... Qe7 19. h4 h6 20. Re1 (20. Bxf6 Qxf6 21. b4 Nd4 22. Rxc8 Nxf3+ 23.
Bxf3 Bxc8 24. Rxd8+ Qxd8 $11) 20... Qd6 21. Rcd1 {[#]} hxg5 22. Bxf7+ Kxf7 23.
Rxd6 (23. Nxg5+ Bxg5 24. Rxd6 Rxd6 25. Qxg5 Kg8 $15) 23... Rxd6 24. Qc4+ $6 (
24. hxg5 $1 Nd4 $140 25. Nxd4 Bxd4 26. Qe2 Rf8 27. Qe7+ Kg8 28. Qxd6 Bxf2+ 29.
Kh2 Bxe1 30. Qe6+ Kh7 31. Qxe1 $18) 24... Kf8 $15 25. hxg5 Bd4 26. Qb5 (26. Qe2
Rd7 27. Qe6 Re7 28. Qf5+ Rf7 $11) 26... g6 (26... Bc5 27. Qa4 Rcd8 $11) 27.
Nxd4 Rxd4 28. Qb3 (28. Qe2 $5 Kg7 29. b4 a6 (29... Rd7 30. Qe6 Rf7 31. b5 Na5
32. Qh3 Kg8 33. Qh6 $18) 30. b5 axb5 31. Qxb5 Rcd8 32. Qxb6 $16) 28... Rd6 (
28... Kg7 29. Re6 Rd7 30. Qh3 $16 Rg8 31. Rxg6+ Kxg6 32. Qxd7 Rg7 33. Qe6+ Kh7
34. f4 $16) 29. Qh3 (29. Re6 Rxe6 30. Qxe6 Ne7 31. Qd7 Be4 32. Qxa7 Rc1+ 33.
Kh2 $18) 29... Ne7 (29... Kg7 30. Qh6+ $1 (30. Qc3+ $2 Kh7 31. Qf3 Kg8 $11)
30... Kg8 31. Re4 Rcd8 32. Rh4 $18) (29... Kg8 30. Re4 Rf8 31. Qb3+ Kg7 32.
Qc3+ Kg8 $18) 30. Qh6+ Ke8 31. Rxe7+ $5 (31. Qg7 $142 $1 Rc7 32. Qg8+ Kd7 33.
Qf7 $18) 31... Kxe7 32. Qg7+ $16 Ke6 33. Qxb7 Rc5 34. Qxa7 Rxg5 35. g3 Rgd5 36.
Qg7 Kf5 37. Kg2 Rd2 38. Qc3 R2d3 39. Qb4 R3d4 40. Qb5+ R4d5 41. Qe2 Rd2 42.
Qf3+ Ke6 43. Qe4+ Kf6 44. b4 R2d4 45. Qf3+ Ke7 46. Qb7+ Ke6 (46... Kf6 47. Qf3+
Ke7 48. Qe3+ Kf6 49. f4 Kf7 50. Qf3 $16) 47. Qg7 (47. f4 $1 $18) 47... Kf5 48.
f3 Rf6 49. Qh6 (49. a4 $5 $18 Rxb4 50. Qe7 Rxa4 (50... Rb2+ 51. Kh3 Re6 52. g4+
Ke5 53. Qg7+ Kd6 54. Qxb2) 51. Qd7+ Ke5 52. Qxa4) 49... Rfd6 (49... Re6 50.
Qf8+ $18) 50. Qg7 $18 Rf6 51. Qe7 Re6 52. Qf8+ Rf6 53. Qc8+ Re6 54. f4 Rdd6 55.
Kh3 g5 56. Qc2+ Kf6 57. Kg4 gxf4 58. gxf4 Rd4 59. Qf5+ Ke7 60. Qh7+ Kd6 61. Qb7
Ree4 62. Qxb6+ Kd7 63. Qb7+ Kd6 64. Qb8+ Kc6 65. Kf5 Re7 66. Qc8+ Rc7 {(} 67.
Qa6+ Kd7 68. Qe6+ Kd8 69. Qf6+ $18 {)} 1-0